<?xml version="1.0" encoding="UTF-8"?>
<record
    xmlns:xsi="http://www.w3.org/2001/XMLSchema-instance"
    xsi:schemaLocation="http://www.loc.gov/MARC21/slim http://www.loc.gov/standards/marcxml/schema/MARC21slim.xsd"
    xmlns="http://www.loc.gov/MARC21/slim">

  <leader>01061nam a2200265 i 4500</leader>
  <controlfield tag="001">169871</controlfield>
  <controlfield tag="003">ES-MaACL</controlfield>
  <controlfield tag="005">20250703063130.0</controlfield>
  <controlfield tag="008">081210s1950    fr           |||| | fre d</controlfield>
  <datafield tag="017" ind1=" " ind2=" ">
    <subfield code="a">N&#xBA;111, 1e trim.1950</subfield>
  </datafield>
  <datafield tag="080" ind1=" " ind2=" ">
    <subfield code="a">1 Descartes, Ren&#xE9;</subfield>
  </datafield>
  <datafield tag="100" ind1="1" ind2=" ">
    <subfield code="a">Descartes, Ren&#xE9;,</subfield>
    <subfield code="d">1596-1650</subfield>
    <subfield code="9">43838</subfield>
  </datafield>
  <datafield tag="245" ind1="1" ind2="0">
    <subfield code="a">Oeuvres de Descartes.</subfield>
  </datafield>
  <datafield tag="260" ind1=" " ind2=" ">
    <subfield code="a">Paris : </subfield>
    <subfield code="b">Joseph Gibert, </subfield>
    <subfield code="c">1950.</subfield>
  </datafield>
  <datafield tag="300" ind1=" " ind2=" ">
    <subfield code="a">512, 580 p. : </subfield>
    <subfield code="b">il. ; </subfield>
    <subfield code="c">19 cm.</subfield>
  </datafield>
  <datafield tag="490" ind1="1" ind2=" ">
    <subfield code="a">Descartes ; </subfield>
    <subfield code="v">I, II</subfield>
  </datafield>
  <datafield tag="490" ind1="1" ind2=" ">
    <subfield code="a">Chefs-d'oeuvre philosophiques ; </subfield>
    <subfield code="v">301-302</subfield>
  </datafield>
  <datafield tag="505" ind1="8" ind2=" ">
    <subfield code="a">Contiene: T.I. Discours de la m&#xE9;thode ; Les principes de la  philosophie ; Les passions de l'&#xE2;me. - T.II. R&#xE8;gles pour la direction de l'esprit ; M&#xE9;ditations ; Objections et r&#xE9;ponses.</subfield>
  </datafield>
  <datafield tag="594" ind1=" " ind2=" ">
    <subfield code="a">T&#xED;t. de la cub.: Oeuvres compl&#xE8;tes.</subfield>
  </datafield>
  <datafield tag="597" ind1=" " ind2=" ">
    <subfield code="a">2 tomos en 1 v.</subfield>
  </datafield>
  <datafield tag="830" ind1="0" ind2=" ">
    <subfield code="a">Descartes ; </subfield>
    <subfield code="v">I, II</subfield>
    <subfield code="9">222920</subfield>
  </datafield>
  <datafield tag="830" ind1="0" ind2=" ">
    <subfield code="a">Chefs-d'oeuvre philosophiques ; </subfield>
    <subfield code="v">301-302</subfield>
    <subfield code="9">222922</subfield>
  </datafield>
  <datafield tag="852" ind1=" " ind2=" ">
    <subfield code="a">ES-MaACL</subfield>
    <subfield code="j">E-12354 </subfield>
    <subfield code="9">R.140514 </subfield>
    <subfield code="z">- Biblioteca Jacinto Mart&#xED;nez Lacalle</subfield>
  </datafield>
  <datafield tag="999" ind1=" " ind2=" ">
    <subfield code="c">169871</subfield>
    <subfield code="d">169871</subfield>
  </datafield>
  <datafield tag="952" ind1=" " ind2=" ">
    <subfield code="0">0</subfield>
    <subfield code="1">0</subfield>
    <subfield code="4">0</subfield>
    <subfield code="7">0</subfield>
    <subfield code="a">ATENEOM</subfield>
    <subfield code="b">ATENEOM</subfield>
    <subfield code="c">DEPO2</subfield>
    <subfield code="d">2008-12-10</subfield>
    <subfield code="e">DON</subfield>
    <subfield code="l">0</subfield>
    <subfield code="o">E-12354</subfield>
    <subfield code="p">1178346</subfield>
    <subfield code="r">2023-02-23 00:00:00</subfield>
    <subfield code="w">2023-02-23</subfield>
    <subfield code="y">MONOGRAFIA</subfield>
  </datafield>
</record>
